Antonio Luque Ballesteros, Entre el Vapor y el arado romano. Elites, Intituciones y Difusión del cambio técnico en la agricultura. Córdoba, 1780-1870, Córdoba, Servicio de Publicaciones de la Universidad de Córdoba, Grupo de Historia Social Agraria, 2004, 347 p. (notice n° 1585295)
[ vue normale ]
| 000 -LEADER | |
|---|---|
| fixed length control field | 00720cam a2200145 4500500 |
| 005 - DATE AND TIME OF LATEST TRANSACTION | |
| control field | 20251228053358.0 |
| 041 ## - LANGUAGE CODE | |
| Language code of text/sound track or separate title | fre |
| 042 ## - AUTHENTICATION CODE | |
| Authentication code | dc |
| 100 10 - MAIN ENTRY--PERSONAL NAME | |
| Personal name | Knittel, Fabien |
| Relator term | author |
| 245 00 - TITLE STATEMENT | |
| Title | Antonio Luque Ballesteros, Entre el Vapor y el arado romano. Elites, Intituciones y Difusión del cambio técnico en la agricultura. Córdoba, 1780-1870, Córdoba, Servicio de Publicaciones de la Universidad de Córdoba, Grupo de Historia Social Agraria, 2004, 347 p. |
| 260 ## - PUBLICATION, DISTRIBUTION, ETC. | |
| Date of publication, distribution, etc. | 2005.<br/> |
| 500 ## - GENERAL NOTE | |
| General note | 10 |
| 786 0# - DATA SOURCE ENTRY | |
| Note | Histoire & Sociétés Rurales | 24 | 2 | 2005-10-01 | p. 171z-276z | 1254-728X |
| 856 41 - ELECTRONIC LOCATION AND ACCESS | |
| Uniform Resource Identifier | <a href="https://shs.cairn.info/revue-histoire-et-societes-rurales-2005-2-page-171z?lang=fr&redirect-ssocas=7080">https://shs.cairn.info/revue-histoire-et-societes-rurales-2005-2-page-171z?lang=fr&redirect-ssocas=7080</a> |
Pas d'exemplaire disponible.




Réseaux sociaux